[Event "GER-ch Net blitz qual4"]
[Site "Playchess.com INT"]
[Date "2021.05.10"]
[Round "2"]
[White "Beck, Arno"]
[Black "Benicke, Bastian"]
[Result "0-1"]
[WhiteElo "1277"]
[BlackElo "1701"]
[PlyCount "92"]
[EventDate "2021.05.10"]
[EventType "swiss (blitz)"]
[EventRounds "11"]
[EventCountry "GER"]
[SourceTitle "CBM 202 Extra"]
[Source "ChessBase"]
[SourceDate "2021.07.31"]
[SourceVersion "1"]
[SourceVersionDate "2021.07.31"]
[SourceQuality "1"]

1. e4 c5 2. Nf3 d6 3. c4 Nf6 4. Nc3 Nc6 5. Be2 g6 6. 0-0 Bg7 7. h3 0-0 8. d4 cxd4 9. Nxd4 Nxd4 10. Qxd4 b6 11. Qd1 Bb7 12. Bg5 Nxe4 13. Nxe4 Bxe4 14. f3 Bb7 15. Rb1 Qc7 16. b3 Qc5+ 17. Kh1 Qxg5 18. f4 Qf6 19. Bf3 Bxf3 20. Rxf3 Qd4 21. Qe1 e5 22. Rd1 Qc5 23. f5 Rfe8 24. f6 Bf8 25. Rd5 Qa3 26. Rf2 Bh6 27. Qe4 Qc1+ 28. Kh2 Rad8 29. Qh4 Qg5 30. Qxg5 Bxg5 31. Re2 Bxf6 32. Rf2 Bg7 33. Rfd2 Bf8 34. a4 f5 35. Rf2 e4 36. Rf4 Re5 37. Rxe5 dxe5 38. Kg3 Bb4 39. Rf1 Rd3+ 40. Kf2 Rxb3 41. Rd1 Rb2+ 42. Kf1 e3 43. Rd8+ Kg7 44. Rd7+ Kf6 45. Rxa7 e2+ 46. Kf2 e1Q+ 0-1

[Event "GER-ch Net blitz qual4"]
[Site "Playchess.com INT"]
[Date "2021.05.10"]
[Round "11"]
[White "Beck, Arno"]
[Black "Daeuber, Andreas"]
[Result "0-1"]
[WhiteElo "1277"]
[BlackElo "1676"]
[PlyCount "98"]
[EventDate "2021.05.10"]
[EventType "swiss (blitz)"]
[EventRounds "11"]
[EventCountry "GER"]
[SourceTitle "CBM 202 Extra"]
[Source "ChessBase"]
[SourceDate "2021.07.31"]
[SourceVersion "1"]
[SourceVersionDate "2021.07.31"]
[SourceQuality "1"]

1. e4 e5 2. Nf3 Nc6 3. Nc3 Nf6 4. d4 exd4 5. Nxd4 d6 6. Bd3 Be7 7. Nxc6 bxc6 8. 0-0 0-0 9. Be3 c5 10. Bc4 Be6 11. b3 Bxc4 12. bxc4 c6 13. Rb1 Qc7 14. Qf3 Rab8 15. Rfd1 Nd7 16. Bf4 Nb6 17. Qe2 Rfe8 18. Re1 Bf6 19. Nd1 Be5 20. Bxe5 Rxe5 21. f4 Re7 22. Nc3 Rbe8 23. Qf3 Nxc4 24. Re2 Nb6 25. Rbe1 f6 26. f5 Re5 27. Qg3 Qf7 28. Re3 Nc4 29. R3e2 Qh5 30. Qd3 Qf7 31. h3 h6 32. a4 a5 33. Nd1 Rd8 34. Nf2 Nb2 35. Qb3 Nc4 36. Nd3 Ree8 37. Nb2 Nxb2 38. Qxb2 Rb8 39. Qc1 Qa2 40. Qa1 Rb2 41. Qxa2+ Rxa2 42. c4 Rxa4 43. Rd2 Rd8 44. Rc1 Rb4 45. Kf2 a4 46. Ra2 Kf7 47. Rc3 g6 48. Kf3 gxf5 49. exf5 d5 0-1

[Event "GER-ch Net blitz qual2"]
[Site "Playchess.com INT"]
[Date "2021.05.04"]
[Round "2"]
[White "Beck, Arno"]
[Black "Friemel, Reinhard"]
[Result "0-1"]
[WhiteElo "1300"]
[BlackElo "1651"]
[PlyCount "72"]
[EventDate "2021.05.04"]
[EventType "swiss (blitz)"]
[EventRounds "11"]
[EventCountry "GER"]
[SourceTitle "CBM 202 Extra"]
[Source "ChessBase"]
[SourceDate "2021.07.31"]
[SourceVersion "1"]
[SourceVersionDate "2021.07.31"]
[SourceQuality "1"]

1. e4 e6 2. Nf3 d5 3. exd5 exd5 4. d4 c6 5. Bd3 Bd6 6. 0-0 Ne7 7. c4 Bg4 8. h3 Bh5 9. Be2 Bxf3 10. Bxf3 dxc4 11. Re1 0-0 12. Nc3 Ng6 13. Bd2 Nd7 14. Ne4 Bc7 15. Rc1 Nb6 16. Bg5 f6 17. Be3 Re8 18. Nc5 Rb8 19. Qd2 Qd6 20. Ne4 Qh2+ 21. Kf1 Nd5 22. Rxc4 Ndf4 23. Bxf4 Nxf4 24. g3 Nxh3 25. Ke2 Qxf2+ 26. Kd1 Qxf3+ 27. Kc1 Rxe4 28. Rc3 Rxe1+ 29. Qxe1 Qf2 30. Qxf2 Nxf2 31. Re3 Kf7 32. Kd2 Re8 33. Rxe8 Kxe8 34. Ke2 Bxg3 35. b3 g5 36. Kf3 Bh4 0-1

[Event "GER-ch Net blitz qual2"]
[Site "Playchess.com INT"]
[Date "2021.05.04"]
[Round "4"]
[White "Beck, Arno"]
[Black "Hausmann, Ulrich"]
[Result "0-1"]
[WhiteElo "1300"]
[BlackElo "1580"]
[PlyCount "72"]
[EventDate "2021.05.04"]
[EventType "swiss (blitz)"]
[EventRounds "11"]
[EventCountry "GER"]
[SourceTitle "CBM 202 Extra"]
[Source "ChessBase"]
[SourceDate "2021.07.31"]
[SourceVersion "1"]
[SourceVersionDate "2021.07.31"]
[SourceQuality "1"]

1. e4 d6 2. d4 e6 3. Nf3 Bd7 4. Bd3 Nc6 5. c3 e5 6. 0-0 Nf6 7. Bg5 Qc8 8. Bxf6 gxf6 9. d5 Ne7 10. Qd2 Ng6 11. c4 Rg8 12. Nc3 Nf4 13. g3 Bg4 14. Be2 Bh3 15. Rfd1 Bg2 16. Bf1 Bxf3 17. Re1 Bh5 18. Ne2 Nh3+ 19. Bxh3 Qxh3 20. Qe3 Bxe2 21. Rxe2 Qg4 22. Kh1 Be7 23. Rg1 Rg6 24. f3 Qh3 25. g4 Kd7 26. Reg2 Rag8 27. Rg3 Qh4 28. Qf2 h5 29. Qg2 hxg4 30. fxg4 Qg5 31. a4 Rh6 32. h3 Rgh8 33. Qf2 Rxh3+ 34. Kg2 Rh2+ 35. Kf1 Rxf2+ 36. Kxf2 Rh2+ 0-1

[Event "GER-ch Net blitz qual2"]
[Site "Playchess.com INT"]
[Date "2021.05.04"]
[Round "10"]
[White "Beck, Arno"]
[Black "Neusuess, Willi"]
[Result "1-0"]
[WhiteElo "1300"]
[BlackElo "1548"]
[PlyCount "85"]
[EventDate "2021.05.04"]
[EventType "swiss (blitz)"]
[EventRounds "11"]
[EventCountry "GER"]
[SourceTitle "CBM 202 Extra"]
[Source "ChessBase"]
[SourceDate "2021.07.31"]
[SourceVersion "1"]
[SourceVersionDate "2021.07.31"]
[SourceQuality "1"]

1. e4 e5 2. Nf3 f6 3. d4 d6 4. d5 Nd7 5. Bd3 Ne7 6. 0-0 Ng6 7. Be3 b6 8. Nc3 Bb7 9. Qe2 Nc5 10. Bxc5 bxc5 11. Ba6 Qb8 12. Bb5+ Ke7 13. a3 a6 14. Ba4 Qc8 15. Qe3 c6 16. Ne2 a5 17. c4 h6 18. Rad1 Kd7 19. Qc1 Ne7 20. Nh4 Kc7 21. f4 Qg4 22. Nf3 f5 23. h3 Qh5 24. Nh2 Qf7 25. Ng3 g6 26. Qe3 Bc8 27. Ne2 Ba6 28. Qc3 Rb8 29. Rb1 Kd7 30. Qxa5 Bc8 31. Qa7+ Rb7 32. Qa5 Qe8 33. Qd2 Ra7 34. Bc2 Bg7 35. Nf3 Bb7 36. fxe5 dxe5 37. exf5 cxd5 38. cxd5 Bxd5 39. Nc3 Qf7 40. Ba4+ Kd6 41. Nb5+ Kd7 42. Nxa7+ Kd8 43. Qa5# 1-0

[Event "GER-ch Net blitz qual2"]
[Site "Playchess.com INT"]
[Date "2021.05.04"]
[Round "1"]
[White "Rieling, Thomas"]
[Black "Beck, Arno"]
[Result "1-0"]
[WhiteElo "1791"]
[BlackElo "1300"]
[PlyCount "47"]
[EventDate "2021.05.04"]
[EventType "swiss (blitz)"]
[EventRounds "11"]
[EventCountry "GER"]
[SourceTitle "CBM 202 Extra"]
[Source "ChessBase"]
[SourceDate "2021.07.31"]
[SourceVersion "1"]
[SourceVersionDate "2021.07.31"]
[SourceQuality "1"]

1. e4 e5 2. Nf3 Nc6 3. d4 d6 4. Bc4 Nf6 5. dxe5 Nxe5 6. Nxe5 dxe5 7. Bxf7+ Ke7 8. Qxd8+ Kxd8 9. f3 Bc5 10. Bg5 h6 11. Bh4 g5 12. Bg3 Bd6 13. Nc3 Rf8 14. Bc4 c6 15. 0-0-0 Kc7 16. a4 a6 17. a5 b5 18. axb6+ Kxb6 19. Rxd6 Rb8 20. Nd5+ Kb7 21. Rxf6 Rxf6 22. Nxf6 Kb6 23. Bxe5 Bb7 24. Bxb8 1-0

[Event "GER-ch Net Amateur Gr-C Vor3"]
[Site "Playchess.com INT"]
[Date "2020.04.16"]
[Round "5"]
[White "Beck, Arno"]
[Black "Mishra, Sanyukt"]
[Result "0-1"]
[WhiteElo "1319"]
[BlackElo "1402"]
[PlyCount "82"]
[EventDate "2020.04.16"]
[EventType "swiss (blitz)"]
[EventRounds "9"]
[EventCountry "GER"]
[SourceTitle "CBM 195 Extra"]
[Source "ChessBase"]
[SourceDate "2020.05.31"]
[SourceVersion "1"]
[SourceVersionDate "2020.05.31"]
[SourceQuality "1"]

1. e4 c5 2. Nf3 a6 3. Nc3 Nc6 4. d4 cxd4 5. Nxd4 e5 6. Nf3 Nf6 7. Bd3 Bb4 8. Bd2 Qc7 9. a3 Bc5 10. b4 Bd4 11. Rb1 0-0 12. Nd5 Nxd5 13. exd5 Ne7 14. Be4 f5 15. Nxd4 exd4 16. Bd3 Nxd5 17. 0-0 d6 18. Qh5 b5 19. Rbe1 Bb7 20. Bxf5 Nf6 21. Qh3 Qf7 22. Bg5 h6 23. Bxf6 Qxf6 24. Re6 Qxf5 25. Qxf5 Rxf5 26. Rxd6 Rg5 27. g3 Rc8 28. Rxd4 Rxc2 29. Rd8+ Kh7 30. Rd7 Bc6 31. Re7 Rd2 32. Re6 Bb7 33. Rfe1 Rgd5 34. Re7 Rd1 35. Kf1 Rxe1+ 36. Rxe1 Rd3 37. Ke2 Rxa3 38. f3 Bxf3+ 39. Kf2 Bb7 40. Re7 Bc6 41. Re6 Rc3 0-1

[Event "GER-ch Net Amateur Gr-C Vor1"]
[Site "Playchess.com INT"]
[Date "2020.04.14"]
[Round "2"]
[White "Beck, Arno"]
[Black "Kaufmann, Emanuel"]
[Result "0-1"]
[WhiteElo "1620"]
[BlackElo "1414"]
[PlyCount "58"]
[EventDate "2020.04.14"]
[EventType "swiss (blitz)"]
[EventRounds "9"]
[EventCountry "GER"]
[SourceTitle "CBM 196 Extra"]
[Source "ChessBase"]
[SourceDate "2020.07.31"]
[SourceVersion "1"]
[SourceVersionDate "2020.07.31"]
[SourceQuality "1"]

1. e4 e5 2. Nf3 Nc6 3. Nc3 Nf6 4. d4 exd4 5. Nxd4 Bb4 6. a3 Bxc3+ 7. bxc3 Nxe4 8. Nxc6 bxc6 9. Qd4 0-0 10. Qxe4 Re8 11. Qxe8+ Qxe8+ 12. Be2 Ba6 13. Be3 Bxe2 14. Kxe2 d6 15. Rhe1 Qe4 16. Rac1 Qxg2 17. Rg1 Qe4 18. Rg3 f6 19. Rcg1 Qxc2+ 20. Bd2 Re8+ 21. Re3 Rxe3+ 22. fxe3 Qb2 23. Rg4 Qxa3 24. Rb4 Qa6+ 25. Ke1 Kf7 26. Re4 f5 27. Rf4 Ke6 28. c4 g5 29. Rf1 Qxc4 0-1

[Event "GER-ch Net Amateur Gr-C Vor1"]
[Site "Playchess.com INT"]
[Date "2020.04.14"]
[Round "1"]
[White "Beck, Arno"]
[Black "Ruddat, Jarne"]
[Result "0-1"]
[WhiteElo "1620"]
[BlackElo "1476"]
[PlyCount "68"]
[EventDate "2020.04.14"]
[EventType "swiss (blitz)"]
[EventRounds "9"]
[EventCountry "GER"]
[SourceTitle "CBM 196 Extra"]
[Source "ChessBase"]
[SourceDate "2020.07.31"]
[SourceVersion "1"]
[SourceVersionDate "2020.07.31"]
[SourceQuality "1"]

1. e4 c5 2. Nf3 g6 3. Nc3 Bg7 4. Bc4 e6 5. d4 cxd4 6. Nxd4 Ne7 7. 0-0 Nbc6 8. Nxc6 bxc6 9. Bg5 h6 10. Be3 d5 11. exd5 cxd5 12. Bd4 0-0 13. Bxg7 Kxg7 14. Bb3 Ba6 15. Re1 Qb6 16. Ne2 Bb5 17. Rc1 a5 18. a4 Ba6 19. Qd4+ Qxd4 20. Nxd4 Nf5 21. Nxf5+ gxf5 22. c4 dxc4 23. Bxc4 Bxc4 24. Rxc4 Rab8 25. Re2 Rfd8 26. h3 Rd1+ 27. Kh2 Rb1 28. Rcc2 Ra1 29. Rc4 Ra2 30. Rcc2 Rxa4 31. Re3 Ra2 32. Ree2 a4 33. f3 a3 34. bxa3 Rxa3 0-1

[Event "GER-ch Net Amateur Gr-C Vor1"]
[Site "Playchess.com INT"]
[Date "2020.04.14"]
[Round "6"]
[White "Schenk, Michael"]
[Black "Beck, Arno"]
[Result "1-0"]
[WhiteElo "1235"]
[BlackElo "1620"]
[PlyCount "53"]
[EventDate "2020.04.14"]
[EventType "swiss (blitz)"]
[EventRounds "9"]
[EventCountry "GER"]
[SourceTitle "CBM 196 Extra"]
[Source "ChessBase"]
[SourceDate "2020.07.31"]
[SourceVersion "1"]
[SourceVersionDate "2020.07.31"]
[SourceQuality "1"]

1. e4 e5 2. f4 exf4 3. Nf3 Nf6 4. Nc3 Bb4 5. Bc4 Bxc3 6. bxc3 Nxe4 7. Qe2 Qe7 8. Bb3 0-0 9. 0-0 Re8 10. d3 Nc5 11. Qxe7 Rxe7 12. Bxf4 d6 13. Rae1 Rxe1 14. Rxe1 h6 15. Re8+ Kh7 16. Rxc8 Nxb3 17. cxb3 a6 18. Rxc7 Ra7 19. Rxf7 Nc6 20. Bxd6 Nd8 21. Rd7 Ne6 22. Ne5 Ng5 23. Bf8 Ne6 24. Bd6 a5 25. d4 Ra6 26. d5 Ng5 27. Bf8 1-0